000 00262nam a22001217a 4500
008 180814b xxu||||| |||| 00| 0 eng d
041 _aeng
080 _a61
100 _a3
101 _aSHM
245 _aFAMILY MEDICA GUIDE
_cHARDINGE.M.G
942 _2udc
_cBK
999 _c47172
_d47172